Formula One All Qatar GP Podiums - Statistics

General Stats
  • This quiz has been taken 18 times
  • The average score is 12 of 12
Answer Stats
Hint Answer % Correct
2nd Charles Leclerc
100%
3th Lando Norris
100%
20211st Lewis Hamilton
100%
2nd Max Verstappen
100%
20231st Max Verstappen
100%
20241st Max Verstappen
100%
20251st Max Verstappen
100%
2nd Oscar Piastri
100%
3th Oscar Piastri
100%
2nd Oscar Piastri
100%
3th Carlos Sainz
89%
3th Fernando Alonso
83%
No matching quizzes found
Score Distribution
Percent of People with Each Score
Percentile by Number Answered
Your Score History
You have not taken this quiz